|
|
|
|
| LEADER |
01137nam a2200289 a 4500 |
| 001 |
AAL5694 |
| 003 |
BD-DhAAL |
| 005 |
20160210173130.0 |
| 008 |
150212s1997 wiua b 001 0 eng |
| 010 |
|
|
|a 96085836
|
| 020 |
|
|
|a 0697327752
|
| 040 |
|
|
|a DLC
|c DLC
|d DLC
|d BD-DhAAL
|
| 050 |
0 |
0 |
|a JK274
|b .D985 1997
|
| 082 |
0 |
0 |
|a 320.473
|2 21
|
| 999 |
|
|
|c 33681
|d 33681
|
| 999 |
|
|
|c 33681
|
| 245 |
0 |
0 |
|a Dynamics of democracy /
|c Peverill Squire ... [et al.].
|
| 250 |
|
|
|a Brief ed.
|
| 260 |
|
|
|a Madison, WI :
|b Brown & Benchmark,
|c c1997.
|
| 300 |
|
|
|a xix, 442 p. :
|b ill. (some col.) ;
|c 28 cm.
|
| 504 |
|
|
|a Includes bibliographical references and indexes.
|
| 541 |
|
|
|e 5694
|
| 651 |
|
0 |
|a United States
|x Politics and government.
|9 8346
|
| 700 |
1 |
|
|a Squire, Peverill.
|9 8347
|
| 942 |
|
|
|2 ddc
|c BK
|
| 952 |
|
|
|0 0
|1 0
|2 ddc
|4 0
|6 320_473000000000000_SQU
|7 0
|9 52610
|a SCL
|b SCL
|c GEN
|d 2015-02-12
|e Gift: The Asia Foundation
|l 0
|o 320.473 SQU
|p 3020005694
|r 2015-02-12
|t 1
|w 2015-02-12
|y BK
|
| 952 |
|
|
|0 0
|1 0
|2 ddc
|4 0
|6 320_473000000000000_SQU
|7 0
|9 52611
|a SCL
|b SCL
|c GEN
|d 2015-02-12
|e Gift: The Asia Foundation
|l 0
|o 320.473 SQU
|p 3020005693
|r 2015-02-12
|t 2
|w 2015-02-12
|y BK
|